Normale Ansicht MARC-Ansicht ISBD

Kirche in Celle: (Titelsatznr. 79050)

[ MARC ]
MARC-Details
000 -Satzkennung
Kontrollfeld mit fester Länge 00428nam a2200181 4500
001 - Kontrollnummer
Kontrollfeld 18791
003 - Kontrollnummer Identifier
Kontrollfeld OSt
005 - Datum und Zeit der letzten Transaktion
Kontrollfeld 20221206124034.0
007 - Feld mit fester Länge zur physischen Beschreibung - Allgemeine Information
Kontrollfeld mit fester Länge tu
008 - Feld mit fester Länge zur physischen Beschreibung - Allgemeine Angaben
Kontrollfeld mit fester Länge 170412s1992||||||| ger
040 ## - Katalogisierungsquelle
Original-Katalogisierungsstelle DE-2950
Übertragungsstelle DE-2950
245 00 - Titel
Titel Kirche in Celle:
Zusatz zum Titel Beiträge zur Kirchengeschichte.
264 ## - Produktion, Veröffentlichung, Distribution, Herstellung und Urheberrechtsvermerk
Herstellungs-, Veröffentlichungs- Vertriebs-, Erzeugungsort Celle:
Produzent, Herausgeber, Distributor, Hersteller Schweiger & Pick,
Datum der Herstellung, der Veröffentlichung, des Vertriebs oder des Urheberschutzvermerks 1992.
300 ## - Physische Beschreibung
Umfang 286 S. : Abb.
365 ## - Handelspreis
Währungscode
546 ## - Fußnote zur Sprache
Sprache deutsch
942 ## - Zusätzliche Felder (Koha)
Klassifikation oder Aufstellungssystematik Andere/Generische Klassifikation
Koha-Medientyp Bücher
Exemplare
Ausgeschieden Verloren Klassifikation oder Aufstellungssystematik Beschädigt Nicht entleihbar Heimatbibliothek Aufenthaltsbibliothek Aufstellungsort Erwerbungsdatum Lieferant Kodierter Standort-Qualifier Anzahl Ausleihen Signatur Letzte Aktivität Exemplarnummer Preis gültig von Koha-Medientyp
    Andere/Generische Klassifikation     Stadtarchiv Frankfurt (Oder) | Archivbibliothek Stadtarchiv Frankfurt (Oder) | Archivbibliothek Magazin 25/11/2020 Nachlass Hensch M   II: 5057 25/11/2020 121/2022 25/11/2020 Bücher